000 00315 a2200109 4500
001 ART_42336
005 20260410161647.0
008 260409a
245 1 0 _aEl IVA en los automóviles
100 1 _aJanuszewski, Karina
773 0 _tConsultor tributario
_g- Año 11, Nº 123 (mayo 2017)
_wREV474
999 _c13884
_d13884